Catalog

Record Details

Catalog Search



Haven. The complete second season ... Read More

Record details

  • ISBN: 1417235896
  • ISBN: 9781417235896
  • Physical Description: 4 videodiscs (572 min.) : sd., col. ; 4 3/4 in.
  • Publisher: [United States] : Distributed by Entertainment One, 2012.

Content descriptions

General Note:
Title from container.
Additional writers: Jim Dunn, Matt McGuinness, Gabrielle Stantoni, Jonathan Abrahams, Nora ... Read More
Additional directors: Rob Lieberman, Lynne Stopkewich, Tim Southam, Fred Gerber, Paolo Barzman, ... Read More
Based on "The Colorado Kid" by Stephen King.
Special features: "Silent Night" Christmas episode; ten audio commentaries with cast & crew; six ... Read More
Formatted Contents Note:
Disc one. (Episodes 1-4). A tale of two Audreys ; ... Read More
Creation/Production Credits Note:
Director of photography, Eric Cayla ; editors, ... Read More
Participant or Performer Note:
Emily Rose, Lucas Bryant, Eric Balfour.
Date/Time and Place of an Event Note:
Originally broadcast as episodes of the television ... Read More
Summary, etc.:
A former FBI agent finds out that the town of ... Read More
Target Audience Note:
Rating: TV14.
System Details Note:
DVD; widescreen 16x9 (1.78:1); 5.1 Dolby digital ... Read More
Language Note:
Subtitled for the deaf and hard-of-hearing.
Subject: Supernatural > Drama.
United States. Federal Bureau of Investigation > Drama.
Criminal investigation > Drama.
Maine > Drama.
United States. Federal Bureau of Investigation.
Criminal investigation.
Supernatural
Maine.
Genre: Fantasy television programs.
Fiction television programs.
Television series.
Video recordings for the hearing impaired.
Drama.
LDR 03961cgm a2200709Ia 4500
001169299
003LARL_NWRL_CONSORTIUM
00520140819165312.0
007vd cvaizk
008120814s2012 xxu572 vleng d
020 . ‡a1417235896
020 . ‡a9781417235896
0241 . ‡a741952705598
02842. ‡aEOE-DV-7055 ‡bEntertainment One
035 . ‡a(OCoLC)806140357
037 . ‡bMidwest Tape ‡nhttp://www.midwesttapes.com
040 . ‡aTEFMT ‡cTEFMT ‡dTEF ‡dGL9 ‡dVP@ ‡dOCLCA ‡dOCLCF ‡dNRG
0410 . ‡aeng ‡jeng
043 . ‡an-us--- ‡an-us-me
049 . ‡aNRGQ
050 4. ‡aPN1992.77 ‡b.H38 2012
08204. ‡a791.45/75 ‡223
24510. ‡aHaven. ‡nThe complete second season ‡h[DVD/videorecording] / and Entertainment One/Big Motion Pictures production in association with Universal Networks International ; written by Sam Ernst ... [et al.] ; directed by TW Peacocke ... [et al.] ; developed for television by Sam Ernst, Jim Dunn.
260 . ‡a[United States] : ‡bDistributed by Entertainment One, ‡c2012.
300 . ‡a4 videodiscs (572 min.) : ‡bsd., col. ; ‡c4 3/4 in.
538 . ‡aDVD; widescreen 16x9 (1.78:1); 5.1 Dolby digital surround, 2.0 Dolby digital.
546 . ‡aSubtitled for the deaf and hard-of-hearing.
500 . ‡aTitle from container.
500 . ‡aAdditional writers: Jim Dunn, Matt McGuinness, Gabrielle Stantoni, Jonathan Abrahams, Nora Zuckerman, Lilla Zuckerman, Brian Millikin.
500 . ‡aAdditional directors: Rob Lieberman, Lynne Stopkewich, Tim Southam, Fred Gerber, Paolo Barzman, Stephen Reynolds, Jason Priestley, Lee Rose, Shawn Piller.
5111 . ‡aEmily Rose, Lucas Bryant, Eric Balfour.
508 . ‡aDirector of photography, Eric Cayla ; editors, Neil Grieve, Jean Coulombe, Debbie Berman ; music, Shawn Pierce.
518 . ‡aOriginally broadcast as episodes of the television series on Syfy in 2011.
500 . ‡aBased on "The Colorado Kid" by Stephen King.
5218 . ‡aRating: TV14.
520 . ‡aA former FBI agent finds out that the town of Haven is a secret hiding place for people with supernatural powers.
50500. ‡gDisc one. (Episodes 1-4). ‡tA tale of two Audreys ; ‡tFear & loathing ; ‡tLove machine ; ‡tSparks and recreation -- ‡gDisc two (Episodes 5-8). ‡tRoots ; ‡tAudrey Parker's day off ; ‡tThe tides that bind ; ‡tFriend of faux -- ‡gDisc three (Episodes 9-12). ‡tLockdown ; ‡tWho, what, where, Wendigo ; ‡tBusiness as usual ; ‡tSins of the fathers -- ‡gDisc four. Christmas episode: ‡tSilent night ; ‡gBonus features.
500 . ‡aSpecial features: "Silent Night" Christmas episode; ten audio commentaries with cast & crew; six exclusive making-of featurettes; five behind-the-scenes featurettes; interview with guest star Adam Copeland; Haven Panel from New York Comic Con.
650 0. ‡aSupernatural ‡vDrama. ‡0(LARL_NWRL_CONSORTIUM)175344
61010. ‡aUnited States. ‡bFederal Bureau of Investigation ‡vDrama.
650 0. ‡aCriminal investigation ‡vDrama.
651 0. ‡aMaine ‡vDrama.
61017. ‡aUnited States. ‡bFederal Bureau of Investigation. ‡2fast ‡0(LARL_NWRL_CONSORTIUM)1673
650 7. ‡aCriminal investigation. ‡2fast ‡0(LARL_NWRL_CONSORTIUM)18015
650 7. ‡2fast ‡aSupernatural ‡0(LARL_NWRL_CONSORTIUM)32179
651 7. ‡aMaine. ‡2fast ‡0(LARL_NWRL_CONSORTIUM)1743
655 7. ‡aFantasy television programs. ‡2lcgft ‡0(LARL_NWRL_CONSORTIUM)175667
655 7. ‡aFiction television programs. ‡2lcgft ‡0(LARL_NWRL_CONSORTIUM)175627
655 7. ‡aTelevision series. ‡2lcgft ‡0(LARL_NWRL_CONSORTIUM)175797
655 7. ‡aVideo recordings for the hearing impaired. ‡2lcgft ‡0(LARL_NWRL_CONSORTIUM)175744
655 7. ‡aDrama. ‡2fast
7001 . ‡aRose, Emily, ‡d1981-
7001 . ‡aBryant, Lucas.
7001 . ‡aBalfour, Eric, ‡d1977- ‡0(LARL_NWRL_CONSORTIUM)211264
7001 . ‡aKing, Stephen, ‡d1947- ‡tColorado kid.
7102 . ‡aUniversal Networks International.
7102 . ‡aBig Motion Pictures.
7102 . ‡aEntertainment One (Firm)
994 . ‡aC0 ‡bNRG
901 . ‡a169299 ‡bOCLC ‡c169299 ‡tbiblio

Additional Resources